00736cam a22002534a 45000010009000000050017000090080041000260100017000670200022000840200022001060200022001280400018001500410008001680420008001760800016001840820020002001000007002201010008002272450058002359060045002939420012003389990017003509520115003671353937920180312080220.0040326s2005 nyua b 001 0 eng  a 2004007144 a0815341016 (pbk.) a0443073104 (pbk.) a0443073090 (pbk.) aDLCcDLCdDLC aeng apcc a616.079 JAN00a616.079 JAN222 a11 aBIO00aImmunobiology :cCharles A. Janeway, Jr. .. [et al.]. a7bcbccorignewd1eecipf20gy-gencatlg 2ddccBK c44727d44727 00102udc40708PËKGa002b002cPËKGd2018-03-12l0o616.079 JANp002-3001564r2018-03-12w2018-03-12yBK